000
002810000a22000970004500
100
1
_a
Brettler, Marc Zvi
245
1
0
_a
Incompatible metaphors for YHWH in Isaiah 40-66
300
_a
Núm 78 (1998), Páginas 97-120
773
0
_t
Journal for the Study of the Old Testament
942
_c
ANA
999
_c
54828
_d
54828